ბათუმის შოთა რუსთაველის სახელმწიფო უნივერსიტეტის ბიბლიოთეკა

ენამახვილი გენიოსები / (ბიბ.ჩანაწერი № 40346)

000 -ლიდერი
ფიქსირებული სიგრძის საკონტროლო ველი 01108nam a2200217Ia 4500
001 - საკონტროლო ნომერი
საკონტროლო ველი 6954
003 - საკონტროლო ნომრის იდენტიფიკატორი
საკონტროლო ველი GE_BSU
005 - ბოლო ოპერაციის თარიღი და დრო
საკონტროლო ველი 20191018165146.0
008 - ფიქსირებული სიგრძის მონაცემთა ელემენტები - ზოგადი ინფორმაცია
ფიქსირებული სიგრძის საკონტროლო ველი 181216s1990||||g |||||||||||||| ||geo||
040 ## - კატალოგიზაციის წყარო
Transcribing agency GE_BSU
041 ## - ენის კოდი
Language code of text/sound track or separate title geo
080 ## - უნივერსალური ათობითი კლასიფიკაციის ინდექსი
Universal Decimal Classification number 821-7 ე-64
245 ## - ცნობა სათაურის შესახებ
Title ენამახვილი გენიოსები /
Statement of responsibility, etc შეკრიბა და თარგმნა შოთა ამირანაშვილმა ; რედ. ქეთინო ახვლედიანი ; მხატვ. გიორგი ინასარიძე.
264 ## - წარმოების, გამოცემის, დისტრიბუციის და სხვა ცნობები
გამოცემის, წარმოების, დისტრიბუციის... ადგილი თბილისი :
გამოცემის, წარმოების, დისტრიბუციის... სახელწოდება ხელოვნება ;
გამოცემის, წარმოების, დისტრიბუციის... თარიღი 1990.
300 ## - ფიზიკური აღწერა
Extent 96 გვ. ;
Dimensions 20 სმ.
653 ## - INDEX TERM--UNCONTROLLED
Uncontrolled term ენამახვილი გენიოსები
700 ## - ADDED ENTRY--PERSONAL NAME
Personal name ამირანაშვილმა, შოთა
Relator term შეკრიბა და თარგმნა
9 (RLIN) 4861
700 ## - ADDED ENTRY--PERSONAL NAME
Personal name ახვლედიანი, ქეთინო
Relator term რედაქტორი
9 (RLIN) 4862
700 ## - ADDED ENTRY--PERSONAL NAME
Personal name ინასარიძე, გიორგი
Relator term მხატვარი
9 (RLIN) 4863
942 ## - ADDED ENTRY ELEMENTS (KOHA)
Koha item type წიგნი
Source of classification or shelving scheme
ეგზემპლარები
ჩამოწერის სტატუსი დაკარგული ეგზემპლარის სტატუსი კლასიფიკაციის წყარო ან თაროზე გაწყობის სქემა დაზიანების სტატუსი არ გაიცემა მუდმივი მდებარეობა (დაცვის ადგილი) ამჟამინდელი ადგილსამყოფელი თაროზე განთავსების ადგილი შეძენის თარიღი ღირებულება, შესყიდვის ნორმალური ფასი სრული შენახვის შიფრი შტრიხკოდი ბოლო ოპერაციის თარიღი ეგზემპლარის მიმდევრობითი ნომერი (კეტერი?) ფასის ძალაში შესვლის თარიღი ეგზემპლარის სახეობა საჯარო შენიშვნა
          ბათუმის შოთა რუსთაველის სახელმწიფო უნივერსიტეტის მთავარი ბიბლიოთეკა ბათუმის შოთა რუსთაველის სახელმწიფო უნივერსიტეტის მთავარი ბიბლიოთეკა წიგნსაცავი 2018-12-17 6.00 821-7 ე-64 14147 2018-12-17 14147 2018-12-17 წიგნი 6.00 ლ
          ბათუმის შოთა რუსთაველის სახელმწიფო უნივერსიტეტის მთავარი ბიბლიოთეკა ბათუმის შოთა რუსთაველის სახელმწიფო უნივერსიტეტის მთავარი ბიბლიოთეკა წიგნსაცავი 2018-12-17 6.00 821-7 ე-64 14148 2018-12-17 14148 2018-12-17 წიგნი 6.00 ლ
          ბათუმის შოთა რუსთაველის სახელმწიფო უნივერსიტეტის მთავარი ბიბლიოთეკა ბათუმის შოთა რუსთაველის სახელმწიფო უნივერსიტეტის მთავარი ბიბლიოთეკა წიგნსაცავი 2018-12-17 6.00 821-7 ე-64 14149 2018-12-17 14149 2018-12-17 წიგნი 6.00 ლ